Statistiche per Quiz sulla Serbia

Clicka qui per fare il quiz!

Statistiche generali

  • Questo quiz è stato fatto 838 volte
  • Il punteggio medio è 11 su 15

Statistiche sulle risposte

DomandaRisposta% Corretto
CapitaleBelgrado
96%
Penisola di cui fa parte la SerbiaBalcanica
91%
Ex paese costituito da Serbia, Croazia, Bosnia ed altri statiJugoslavia
91%
Regione contesa che ha dichiarato l'indipendenza nel 2008Kosovo
89%
La capitale è costruita alla confluenza di questi due fiumiDanubio
82%
Tennista numero 1 della classifica ATPNovak Djokovic
82%
Stato con cui condivide il confine più lungoRomania
82%
Dittatore che governò questo Paese dal 1953 al 1980Josip Broz Tito
79%
Organizzazione internazionale che bombardò il Paese nel 1999NATO
78%
Inventore serbo che diede importanti contributi nel campo dell'elettromagnetismoNikola Tesla
74%
Sport praticato da Vlade Divac e Nikola JokićPallacanestro
69%
Fu assassinato nel 1914 dal serbo Gavrilo PrincipFrancesco Ferdinando
63%
Seconda città più grande, il suo nome significa "nuova piantagione"Novi Sad
48%
ValutaDinaro serbo
47%
La capitale è situata alla confluenza di questi due fiumiSava
36%

Distribuzione punteggi

Percentile per numero di risposta

Percentuale di utenti per punteggio

I tuoi punteggi nel tempo

Non hai fatto questo quiz